| 000 | 00518nam a22001817a 4500 | ||
|---|---|---|---|
| 001 | 10055 | ||
| 003 | FISKH | ||
| 005 | 20260402104835.0 | ||
| 008 | 260402b cb ||||| |||| 00| 0 eng d | ||
| 020 | _a9787552547443 | ||
| 040 |
_aFISKH _bbing (chi-eng) _cFISKH _dFISKH |
||
| 082 | _aH319.4 | ||
| 100 | _a欣金星文化编 | ||
| 245 |
_a(你是我的好朋友) : _bYou are my good friend / _c欣金星文化编 |
||
| 300 |
_a31 pages : _bcolor illustrations ; _c22 cm . |
||
| 942 |
_2ddc _cBOOK _n0 |
||
| 999 |
_c10055 _d10055 |
||